| 000 | 00441nam a2200133 a 4500 | ||
|---|---|---|---|
| 001 | 000048949 | ||
| 005 | 20201002061532.0 | ||
| 008 | 190507s2015 dr r 000 0 spa d | ||
| 040 |
_aDO-SdBNP _bspa _cBNPHU |
||
| 082 |
_axxxx _bxxxx |
||
| 245 | 0 | 0 | _aReglamento para el co-manejo de áreas protegidas en la República Dominicana. |
| 260 |
_aSanto Domingo : _bMinisterio de Medio Ambiente y Recursos Naturales, _c2015. |
||
| 300 |
_a49 p. ; _c22 cm. |
||
| 999 |
_c48437 _d48437 |
||